000 00315nam a22001337a 4500
008 170809b xxu||||| |||| 00| 0 eng d
020 _a0131102559
041 _aeng
080 _a004
100 _a35
101 _aSHK
245 _aCAD/CAM COMPUTER-AIDED DESIGN AND MANUFACTUIRNG
_cGROOVER,M.P
942 _2udc
_cBK
999 _c23024
_d23024